MARC

LEADER 00000nam0a2200000 4500
001 151345
005 20231101221543.0
035 |a (RuTPU)RU\TPU\book\164089 
090 |a 151345 
100 |a 20090122d1962 km y0rusy50 ca 
101 0 |a rus 
102 |a RU 
105 |a a z 001zy 
200 1 |a Химическая лаборатория М. В. Ломоносова. Химия в Петербургской Академии наук во 2-й половине ХVIII в. 
210 |a Москва  |a Ленинград  |c Изд-во АН СССР  |d 1962 
215 |a 340 с.  |c ил. 
318 |5 63413507  |a Гений опередивший свое время. К 300-летию со дня рождения М. В. Ломоносова  |b выставка  |n 27 
320 |a Библиогр.: с. 326 -327. 
320 |a Указ. имен: с. 328-339. 
600 1 |a Ломоносов  |g Михаил Васильевич  |b М. В.  |c ученый-естествоиспытатель, поэт, историк, художник, деятель просвещения, науки и экономики  |f 1711-1765  |2 stltpush  |3 (RuTPU)RU\TPU\pers\975 
606 1 |a Химические лаборатории  |2 stltpush  |3 (RuTPU)RU\TPU\subj\72788  |9 86182 
606 1 |a Химия  |x История  |2 stltpush  |3 (RuTPU)RU\TPU\subj\58903  |9 76591 
610 1 |a Россия 
610 1 |a химические науки 
610 1 |a научные связи 
610 1 |a исследования 
675 |a 542.1  |v 3 
675 |a 54(09)  |v 3 
700 1 |a Раскин  |b Н. М.  |g Наум Михайлович 
702 1 |a Шафрановский  |b И. И.  |4 340 
712 0 2 |a Академия наук СССР (АН СССР)  |b Институт истории естествознания и техники им. С. И. Вавилова (ИИЕТ АН СССР)  |c (Москва)  |2 stltpush  |3 (RuTPU)RU\TPU\col\8662 
801 1 |a RU  |b 63413507  |c 20090122  |g PSBO 
801 2 |a RU  |b 63413507  |c 20210528  |g PSBO 
942 |c BK